000 01808cam a2200505 4500
001 L127412
002 7920
008 040915n2005 000 0 eng u
020 _a0415348412
022 _a0957-171X
035 _a(Sirsi) u127412
041 _aeng
050 _a624.05
_c18
245 _aSpon's civil engineering and highway works price book 2005
250 _a19th ed.
260 _aAbingdon
_bSpon Press
_c2005
300 _axxiii,760p.
_c26cm.
350 _a114
505 _aPart 1: general
505 _aPart 2: preliminaries and general items
505 _aPart 3: resources
505 _aPart 4: unit costs (civil engineering works)
505 _aPart 5: unit costs (highway works)
505 _aPart 6: land remediation
505 _aPart 7: unit costs (ancillary building works)
505 _aPart 8: oncosts and profits
505 _aPart 9: costs and tender price indices
505 _aPart 10: daywork
505 _aPart 11: professional fees
505 _aPart 12: approximate estimates
505 _aPart 13: outputs
505 _aPart 14: tables and memoranda
505 _aPart 15: updates
520 _aThe latest edition of this standard price book provides costs for both general and civil engineering works and highway works, and shows a full breakdown of labour, plant and material elements.
520 _aThere is a separate CD-Rom (L145085) for reference use in the Library.
520 _aSuperseded by twenty first edition (ISBN 0415393817)
650 _aBUILT ENVIRONMENT-BUILDING COSTS
650 _aBUILDING PRICE BOOKS
650 _aCIVIL ENGINEERING
650 _aHIGHWAY WORKS
650 _aSPONS PRICE BOOKS
690 _aBUILT ENVIRONMENT-BUILDING COSTS
710 _aDavis Langdon
_xEditor
_94649
942 _n0
999 _c103777
_d103777